Ztracený ráj. Sv. 1 /

Hlavní autor: Milton, John, 1608-1674
Jazyk: Čeština
Vydáno: Praha : Otto, 1911
Edice: Světová knihovna (J. Otto)
Fyzický popis: 226 s.
Knihy
Uloženo v:
LEADER 00761nam a22002412a 4500
001 000123911
003 CZ BrMZK
005 20101014124643.0
007 ta
008 950101s1911 xr f cze d
040 |a BOA001  |b cze 
041 1 |a cze  |h eng 
100 1 |a Milton, John,  |d 1608-1674  |7 jn19990005738  |4 aut 
245 1 0 |a Ztracený ráj.  |n Sv. 1 /  |c John Milton ; rozměrem originálu nově přel. Jos. J. David 
260 |a Praha :  |b Otto,  |c 1911 
300 |a 226 s. 
490 1 |a Světová knihovna ;  |v 954 
500 |a Přeloženo z angličtiny 
830 0 |a Světová knihovna (J. Otto)  |0 s 
910 |a BOA001  |b 1-0039.679,1 
990 |a BK 
993 |a Y 
996 6 |b 2619970001  |c 1-0039.679,1  |l MZK  |r Sklad / do 1 hodiny  |n 22  |w 000123911  |u 000010  |a 1  |e BOA001  |j MZK50  |s P